Prieskum hodnotového reťazca spotebiteľov seniorov bakalárska práca

Enregistré dans:
Détails bibliographiques
Auteur principal: Gajdošová, Michaela
Collectivité auteur: Obchodná fakulta EU. Katedra marketingu
Autres auteurs: Kopaničová, Janka, 1979-
Format: Livre
Langue:slovaque
Publié: Bratislava 2013
Tags: Ajouter un tag
Pas de tags, Soyez le premier à ajouter un tag!

MARC

LEADER 00000nbm a2200000 4500
001 0171261
005 20161109112026.7
041 0 |a slo 
044 |a SK 
245 1 0 |a Prieskum hodnotového reťazca spotebiteľov seniorov  |b bakalárska práca  |c Michaela Gajdošová ; školiteľ: Janka Kopaničová 
264 1 |a Bratislava  |c 2013 
300 |a 44 s. 
100 1 |a Gajdošová, Michaela 
700 1 |a Kopaničová, Janka, 1979- 
710 2 |a Obchodná fakulta EU. Katedra marketingu